Algebraic geometry I : Algebraic curves ; Algebraic manifolds and schemes /

Guardado en:
Otros Autores: Shafarevich, I. R. 1923- (Editor )
Formato: Libro
Idioma:English
Russian
Publicado: Berlin : Springer-Verlag, c1994.
Series:Encyclopaedia of mathematical sciences ; v. 23
Etiquetas: Agregar Etiqueta
Sin Etiquetas, Sea el primero en etiquetar este registro!
LEADER 01101nam a22002175a 4500
001 MAT.inmabb001646
008 031125s1994####gw############000#0#eng#d
005 20160318153227.0
245 1 0 |a Algebraic geometry I :  |b Algebraic curves ; Algebraic manifolds and schemes /  |c I. R. Shafarevich (ed.). 
260 |a Berlin :  |b Springer-Verlag,  |c c1994. 
300 |a 307 p. ;  |c 25 cm. 
440 0 |a Encyclopaedia of mathematical sciences ;  |v v. 23 
505 0 |g I.  |t Riemann surfaces and algebraic curves /  |r V. V. Shokurov ; translated from the Russian by V.N. Shokurov --  |t Algebraic varieties and schemes /  |r V. I. Danilov ; translated from the Russian by D. Coray. 
500 |a Title of the Russian edition: Itogi nauki i tekhniki, Sovremennye problemy matematiki, Fundamental'nye napravleniya, Vol. 23, Algebraicheskaya geometriya 1. Publisher VINITI, Moscow 1988. 
510 4 |a MR,  |c 95b:14001 
020 |a 3540519955 
020 |a 0387519955 
700 1 |a Shafarevich, I. R.  |q (Igor Rostislavovich),  |d 1923-  |4 edt 
084 |a 14-00 (14Hxx 30Fxx)  |2 MR 
041 1 |a eng  |h rus 
859 |h 14  |i Al394-1  |p A-7789  |b BIB. MATEMATICA